Introducción a la poesía de Julio Alfredo Egea (Record no. 182506)
[ view plain ]
| 000 -LEADER | |
|---|---|
| campo de control de longitud fija | 00980nam a2200265 i 4500 |
| 001 - NÚMERO DE CONTROL | |
| campo de control | 182506 |
| 003 - IDENTIFICADOR DE NÚMERO DE CONTROL | |
| campo de control | ES-MaACL |
| 005 - FECHA Y HORA DE LA ÚLTIMA TRANSACCIÓN | |
| campo de control | 20240517182707.0 |
| 008 - DATOS DE LONGITUD FIJA--INFORMACIÓN GENERAL | |
| campo de control de longitud fija | 130910s2006 sp | |||| ||spa d |
| 020 ## - NÚMERO INTERNACIONAL ESTÁNDAR DEL LIBRO | |
| Número Internacional Estándar del Libro | 84-8108-380-1 |
| 080 ## - NÚMERO DE LA CLASIFICACIÓN DECIMAL UNIVERSAL | |
| Número de la Clasificación Decimal Universal | 821.134.2 Egea, Julio Alfredo 1.07 |
| 100 1# - ENTRADA PRINCIPAL--NOMBRE DE PERSONA | |
| Nombre de persona | Jiménez Martínez, Paco. |
| 9 (RLIN) | 153375 |
| 245 10 - MENCIÓN DEL TÍTULO | |
| Título | Introducción a la poesía de Julio Alfredo Egea |
| Resto del título | : (1976-2002) / |
| Mención de responsabilidad, etc. | Francisco Jiménez Martínez. |
| 250 ## - MENCION DE EDICION | |
| Mención de edición | 1ª ed. |
| 260 ## - PUBLICACIÓN, DISTRIBUCIÓN, ETC. | |
| Lugar de publicación, distribución, etc. | [Almería] : |
| Nombre del editor, distribuidor, etc. | Instituto de Estudios Almerienses, |
| Fecha de publicación, distribución, etc. | [2006] |
| 300 ## - DESCRIPCIÓN FÍSICA | |
| Extensión | 136 p. ; |
| Dimensiones | 24 cm. |
| 490 1# - MENCIÓN DE SERIE | |
| Mención de serie | Colección Letras ; |
| Designación de volumen o secuencia | n. 15 |
| 504 ## - NOTA DE BIBLIOGRAFÍA, ETC. | |
| Nota de bibliografía, etc. | Bibliografía: p. 127-135. |
| 600 04 - PUNTO DE ACCESO ADICIONAL DE MATERIA--NOMBRE DE PERSONA | |
| Nombre de persona | Egea, Julio Alfredo, |
| Fechas asociadas al nombre | 1926-2018 |
| 9 (RLIN) | 46706 |
| 830 0# - PUNTO DE ACCESO ADICIONAL DE SERIE-TÍTULO UNIFORME | |
| Título uniforme | Colección Letras ; |
| Designación de volumen o secuencia | n. 15 |
| 9 (RLIN) | 191854 |
| 852 ## - LOCALIZACIÓN | |
| Ubicación | ES-MaACL |
| Número de control de estantería | A-12898 |
| itemnumber | 189418 |
| Sublocalización o colección | R.149737 |
| Ubicación en estantería | Depósito 1 |
| Signatura antigua | Olim: N-5898 |
| Encuadernación | Donación: Francisco Jiménez Martínez |
| 903 ## - NOMBRE PERSONAL DE DONANTE | |
| 9 | 153375 |
| a | Jiménez Martínez, Paco |
| e | Donante |
| 942 ## - ELEMENTOS DE ENTRADA SECUNDARIOS (KOHA) | |
| Fuente del sistema de clasificación o colocación | Clasificación decimal universal |
| Tipo de ítem Koha | Libro impreso |
| Estatus retirado | Estado de pérdida | Fuente del sistema de clasificación o colocación | Estado de daño | No para préstamo | Biblioteca de origen | Biblioteca actual | Ubicación en estantería | Fecha de adquisición | Fuente de adquisición | Total de préstamos | Signatura topográfica completa | Código de barras | Visto por última vez | Precio de reemplazo | Tipo de ítem Koha |
|---|---|---|---|---|---|---|---|---|---|---|---|---|---|---|---|
| Clasificación decimal universal | Biblioteca del Ateneo de Madrid | Biblioteca del Ateneo de Madrid | Depósito 1 | 10/09/2013 | Donación | A-12898 | 1191795 | 23/02/2023 | 23/02/2023 | Libro impreso |
